Datum a čas kvízu
24
Celkem bodů
Celkový počet nahraných bodů na tomto kvízu bez doplňovacích otázek.
6.
Pořadí na kvízu
Konečné umístění týmu na tomto kvízu.
Zaznamenané odpovědi
| # | Otázka | Odpověď | Body | Výsledky |
|---|---|---|---|---|
| 1. | V neděli 17. listopadu v 17:11... | Modlitba pro Martu | 1 | |
| 2. | Politická krize v Bolívii minu... | v Mexiku | 1 | |
| 3. | Ve čtvrtek vstoupil do našich... | Amnestie | 1 | |
| 4. | 11. listopadu se ve světě již... | na nezadané | 1 | |
| 5. | Ve kterém českém městě se odeh... | v Plzni | 1 | |
| 6. | Téma o tomto komikovi si vybra... | v Litoměřicích | 0 | |
| 7. | Jak se jmenuje herečka zdatně... | Iva Janžurová | 0 | |
| 8. | Ve scénce Luštitel křížovek Ho... | Právě proto tam budou vzácný. | 1 | |
| 9. | Milan Neděla hraje v této scén... | B) manželem Holzmannovy milenky | 0 | |
| 10. | Ve scénce V restauraci hraje H... | To vám snad stačí, ne? | 0 |